Statistiques concernant main event ufc numéroté 2023

Cliquez ici pour prendre le quiz!

Statistiques générales

  • Ce quiz a été pris 264 fois
  • Le résultat moyen est 12 sur 14

Statistiques - réponses

UFCmain event% Correct
287Pereira/Adesanya
99%
284Makhachev/Volkanovski
98%
294Makhachev/Volkanovski 2
98%
293Adesanya/strickland
96%
285Jones/Gane
95%
286Edwards/Usman
93%
295Prochazka/Pereira
93%
292Sterling/O'malley
92%
296Edwards/Covington
87%
290Volkanovski/Rodriguez
85%
291Poirier/Gaethje
80%
288Sterling/cejudo
62%
283Texeira/Hill
56%
289Nunes/Aldana
32%

Distribution des résultats

Percentile par nombre de réponses

% des personnes avec chaque résultat

Votre développement - résultats

Vous n’avez pas pris ce quiz